000 00494nam a2200205Ia 4500
003 OSt
005 20140313102741.0
008 140130s9999 xx 000 0 und d
020 _a0439473233
050 _aPZ 7
_b.Au898Nu 2002
100 _aAuch, Mary Jane
245 _cMary Jane Auch.
_aThe nutquacker /
260 _bScholastic,
_c2002.
_aNew York :
300 _a40 p. :
_bcol. ill. ;
_c28 cm.
440 _v1
521 _aG3
526 _c550
942 _cBK
_2lcc
999 _c40635
_d40635